[Event "Rapid 2018"]
[Site "Saint-Petersburg"]
[Date "2018.12.27"]
[Round "10"]
[Board "53"]
[White "Frolyanov Dmitry (RUS)"]
[Black "Steinberg Nitzan (ISR)"]
[Result "1/2-1/2"]
[LiveChessVersion "1.4.8"]
[BlackElo "2400"]
[WhiteElo "2614"]

1. e4 {[%clk 0:15:18]} c5 {[%clk 0:15:19]} 2. Nf3 {[%clk 0:15:26]} d6
{[%clk 0:15:27]} 3. d4 {[%clk 0:15:35]} cxd4 {[%clk 0:15:35]} 4. Nxd4
{[%clk 0:15:44]} Nf6 {[%clk 0:15:43]} 5. Nc3 {[%clk 0:15:52]} a6 {[%clk 0:15:51]}
6. Be3 {[%clk 0:15:56]} e5 {[%clk 0:15:59]} 7. Nf3 {[%clk 0:16:00]} h6
{[%clk 0:14:44]} 8. Bc4 {[%clk 0:15:36]} Qc7 {[%clk 0:14:24]} 9. Bb3
{[%clk 0:15:35]} Nc6 {[%clk 0:13:30]} 10. O-O {[%clk 0:15:00]} Be7
{[%clk 0:13:11]} 11. Nh4 {[%clk 0:13:14]} Na5 {[%clk 0:11:28]} 12. Na4
{[%clk 0:12:11]} Nxb3 {[%clk 0:08:18]} 13. cxb3 {[%clk 0:12:17]} Nxe4
{[%clk 0:05:11]} 14. Nb6 {[%clk 0:12:18]} Rb8 {[%clk 0:04:24]} 15. Rc1
{[%clk 0:10:38]} Qd8 {[%clk 0:04:32]} 16. Nxc8 {[%clk 0:10:41]} Bxh4
{[%clk 0:03:15]} 17. Qg4 {[%clk 0:09:52]} d5 {[%clk 0:02:47]} 18. Nb6
{[%clk 0:06:28]} O-O {[%clk 0:02:07]} 19. Bxh6 {[%clk 0:06:32]} Qf6
{[%clk 0:01:27]} 20. Nxd5 {[%clk 0:04:49]} Bxf2+ {[%clk 0:01:35]} 21. Kh1
{[%clk 0:03:56]} Qxh6 {[%clk 0:01:44]} 22. Qxe4 {[%clk 0:03:57]} Bg3
{[%clk 0:01:03]} 23. h3 {[%clk 0:04:04]} Rbe8 {[%clk 0:00:41]} 24. Rc7
{[%clk 0:02:54]} Qh4 {[%clk 0:00:25]} 25. Qf5 {[%clk 0:02:56]} Bf4
{[%clk 0:00:15]} 26. Nxf4 {[%clk 0:02:47]} exf4 {[%clk 0:00:24]} 27. Qxf4
{[%clk 0:02:46]} Qxf4 {[%clk 0:00:22]} 28. Rxf4 {[%clk 0:02:54]} b5
{[%clk 0:00:15]} 29. Rf2 {[%clk 0:01:34]} Re6 {[%clk 0:00:17]} 30. Kh2
{[%clk 0:01:40]} f5 {[%clk 0:00:15]} 31. Rd2 {[%clk 0:01:26]} Rfe8
{[%clk 0:00:15]} 32. Rcd7 {[%clk 0:01:11]} Kh7 {[%clk 0:00:13]} 33. Kg3
{[%clk 0:01:04]} Re3+ {[%clk 0:00:14]} 34. Kf2 {[%clk 0:00:50]} R8e6
{[%clk 0:00:14]} 35. R7d6 {[%clk 0:00:41]} Re2+ {[%clk 0:00:22]} 36. Rxe2
{[%clk 0:00:48]} Rxd6 {[%clk 0:00:32]} 37. Kf3 {[%clk 0:00:39]} Kg6
{[%clk 0:00:35]} 38. Rc2 {[%clk 0:00:32]} Kf6 {[%clk 0:00:40]} 39. Ke3
{[%clk 0:00:38]} g5 {[%clk 0:00:36]} 40. a4 {[%clk 0:00:39]} Re6+
{[%clk 0:00:27]} 41. Kf3 {[%clk 0:00:27]} Rd6 {[%clk 0:00:13]} 42. axb5
{[%clk 0:00:31]} axb5 {[%clk 0:00:22]} 43. Ke3 {[%clk 0:00:39]} Rd5
{[%clk 0:00:17]} 44. b4 {[%clk 0:00:44]} Ke6 {[%clk 0:00:13]} 45. Rc6+
{[%clk 0:00:44]} Kd7 {[%clk 0:00:12]} 46. Rc5 {[%clk 0:00:42]} Kd6
{[%clk 0:00:12]} 47. Rxd5+ {[%clk 0:00:46]} Kxd5 {[%clk 0:00:21]} 48. g3
{[%clk 0:00:52]} Ke5 {[%clk 0:00:14]} 49. Kf3 {[%clk 0:00:38]} Ke6
{[%clk 0:00:11]} 50. h4 {[%clk 0:00:28]} Kf6 {[%clk 0:00:16]} 51. Ke2
{[%clk 0:00:21]} Kg6 {[%clk 0:00:12]} 52. hxg5 Kxg5 {[%clk 0:00:21]} 53. Kf3
{[%clk 0:00:33]} Kg6 {[%clk 0:00:13]} 54. Kf4 Kf6 55. Ke3 {[%clk 0:00:34]} Ke5
{[%clk 0:00:14]} 56. Kf3 {[%clk 0:00:41]} Ke6 {[%clk 0:00:15]} 57. Kf4
{[%clk 0:00:39]} Kf6 {[%clk 0:00:24]} 58. Kf3 {[%clk 0:00:26]} Ke5
{[%clk 0:00:32]} 59. Kf2 {[%clk 0:00:28]} Ke4 {[%clk 0:00:26]} 60. Ke2
{[%clk 0:00:34]} Kd4 {[%clk 0:00:18]} 61. Kf3 {[%clk 0:00:41]} Ke5
{[%clk 0:00:22]} 62. Ke3 {[%clk 0:00:49]} Kf6 {[%clk 0:00:19]} 63. Kd4
{[%clk 0:00:57]} Kg5 {[%clk 0:00:18]} 64. Kd5 {[%clk 0:00:34]} Kh5
{[%clk 0:00:15]} 65. Kc5 {[%clk 0:00:18]} Kg4 {[%clk 0:00:23]} 66. Kxb5
{[%clk 0:00:27]} Kxg3 {[%clk 0:00:32]} 67. Kc6 {[%clk 0:00:33]} f4
{[%clk 0:00:39]} 68. b5 {[%clk 0:00:42]} f3 {[%clk 0:00:48]} 69. b6
{[%clk 0:00:51]} f2 {[%clk 0:00:58]} 70. b7 {[%clk 0:01:00]} f1=Q
{[%clk 0:01:05]} 71. b8=Q+ {[%clk 0:01:08]} Kg4 {[%clk 0:00:49]} 72. Qb4+
{[%clk 0:01:14]} Kh3 {[%clk 0:00:54]} 73. Qc3+ {[%clk 0:01:18]} Kg4
{[%clk 0:00:49]} 74. b4 {[%clk 0:01:05]} Qa6+ {[%clk 0:00:55]} 75. Kd5
{[%clk 0:01:02]} Qb7+ {[%clk 0:00:56]} 76. Kc4 {[%clk 0:01:01]} Qf7+
{[%clk 0:01:03]} 77. Kb5 {[%clk 0:01:02]} Qe8+ {[%clk 0:00:28]} 78. Qc6
{[%clk 0:01:07]} Qb8+ {[%clk 0:00:29]} 79. Kc5 {[%clk 0:01:13]} Qa7+
{[%clk 0:00:30]} 80. Kd5 {[%clk 0:01:11]} Kf3 {[%clk 0:00:14]} 81. b5
{[%clk 0:01:16]} Qa2+ {[%clk 0:00:14]} 82. Kd6+ {[%clk 0:01:22]} Ke3
{[%clk 0:00:13]} 83. b6 {[%clk 0:01:29]} Qh2+ {[%clk 0:00:14]} 84. Kd7
{[%clk 0:01:14]} Qh7+ {[%clk 0:00:19]} 85. Kd8 {[%clk 0:01:18]} Qh4+
{[%clk 0:00:24]} 86. Kc7 {[%clk 0:01:25]} Qe7+ {[%clk 0:00:27]} 87. Kc8
{[%clk 0:01:08]} Qf8+ {[%clk 0:00:34]} 88. Kd7 {[%clk 0:01:11]} Qf7+
{[%clk 0:00:41]} 89. Kc8 {[%clk 0:01:13]} Qf8+ {[%clk 0:00:45]} 90. Kb7
{[%clk 0:01:22]} Qe7+ {[%clk 0:00:42]} 91. Qc7 {[%clk 0:01:18]} Qe4+
{[%clk 0:00:50]} 92. Qc6 {[%clk 0:01:12]} Qe7+ {[%clk 0:00:59]} 93. Kb8
{[%clk 0:00:47]} Qf8+ {[%clk 0:00:42]} 94. Qc8 {[%clk 0:00:50]} Qd6+
{[%clk 0:00:32]} 95. Ka7 {[%clk 0:00:58]} Qa3+ {[%clk 0:00:17]} 96. Qa6
{[%clk 0:01:06]} Qc5 {[%clk 0:00:25]} 97. Qa4 {[%clk 0:00:51]} Kf2
{[%clk 0:00:13]} 98. Ka6 {[%clk 0:00:46]} Qd6 {[%clk 0:00:16]} 99. Qa2+
{[%clk 0:00:39]} Ke3 {[%clk 0:00:21]} 100. Qb3+ {[%clk 0:00:47]} Kf2
{[%clk 0:00:23]} 101. Qc2+ {[%clk 0:00:42]} Ke3 {[%clk 0:00:12]} 102. Kb5
{[%clk 0:00:47]} Qd7+ {[%clk 0:00:19]} 103. Qc6 {[%clk 0:00:52]} Qd3+
{[%clk 0:00:27]} 104. Qc4 {[%clk 0:00:58]} Qd7+ {[%clk 0:00:35]} 105. Kb4
{[%clk 0:00:57]} Kf2 {[%clk 0:00:26]} 106. Qe4 {[%clk 0:00:52]} Qd6+
{[%clk 0:00:15]} 107. Kb5 {[%clk 0:00:55]} Qd7+ {[%clk 0:00:24]} 108. Ka6
{[%clk 0:00:49]} Qd6 {[%clk 0:00:29]} 109. Qc4 {[%clk 0:00:37]} Ke3
{[%clk 0:00:16]} 110. Qc3+ {[%clk 0:00:25]} Kf2 {[%clk 0:00:18]} 111. Ka7
{[%clk 0:00:32]} Qd7+ {[%clk 0:00:12]} 112. b7 {[%clk 0:00:40]} Qa4+
{[%clk 0:00:21]} 113. Kb6 {[%clk 0:00:47]} Qf4 {[%clk 0:00:18]} 114. Qb2+
{[%clk 0:00:45]} Kf1 {[%clk 0:00:19]} 115. Ka5 {[%clk 0:00:45]} Qc7+
{[%clk 0:00:19]} 116. Ka4 {[%clk 0:00:42]} Qc4+ {[%clk 0:00:18]} 117. Qb4
{[%clk 0:00:38]} Qa6+ {[%clk 0:00:22]} 118. Kb3 {[%clk 0:00:46]} Qd3+
{[%clk 0:00:30]} 119. Kb2 {[%clk 0:00:45]} Qe2+ {[%clk 0:00:38]} 120. Ka1
{[%clk 0:00:41]} Qe5+ {[%clk 0:00:45]} 121. Ka2 {[%clk 0:00:32]} Qe2+
{[%clk 0:00:31]} 122. Kb3 {[%clk 0:00:17]} Qd3+ {[%clk 0:00:38]} 123. Ka2
{[%clk 0:00:17]} Qe2+ {[%clk 0:00:28]} 124. Ka1 {[%clk 0:00:15]} Qe5+
{[%clk 0:00:33]} 125. Kb1 {[%clk 0:00:23]} Qf5+ {[%clk 0:00:34]} 126. Kc1
{[%clk 0:00:31]} Qg5+ {[%clk 0:00:36]} 127. Kc2 {[%clk 0:00:36]} Qf5+
{[%clk 0:00:40]} 128. Kd2 {[%clk 0:00:40]} Qg5+ {[%clk 0:00:23]} 129. Kd3
{[%clk 0:00:46]} Qd5+ {[%clk 0:00:26]} 130. Ke3 {[%clk 0:00:51]} Qe5+
{[%clk 0:00:24]} 131. Qe4 {[%clk 0:01:00]} Qc5+ {[%clk 0:00:24]} 132. Kf4
{[%clk 0:01:05]} Qc7+ {[%clk 0:00:26]} 133. Kg4 {[%clk 0:01:10]} Qg7+
{[%clk 0:00:31]} 134. Kf4 {[%clk 0:01:12]} Qc7+ {[%clk 0:00:37]} 135. Ke3
{[%clk 0:01:18]} Qc5+ {[%clk 0:00:34]} 136. Kd2 {[%clk 0:01:17]} Qa5+
{[%clk 0:00:35]} 137. Kc2 {[%clk 0:01:20]} Qc5+ {[%clk 0:00:28]} 138. Kb3
{[%clk 0:01:07]} Qb5+ {[%clk 0:00:35]} 139. Kc3 {[%clk 0:01:06]} Qa5+
{[%clk 0:00:36]} 140. Kd4 {[%clk 0:01:09]} Qb4+ {[%clk 0:00:43]} 141. Ke5
{[%clk 0:01:15]} Qe7+ {[%clk 0:00:42]} 142. Kf4 {[%clk 0:01:20]} Qc7+ 143. Ke5
1/2-1/2

[Event "Rapid 2018"]
[Site "Saint-Petersburg"]
[Date "2018.12.27"]
[Round "10"]
[Board "54"]
[White "Sychev Klementy (RUS)"]
[Black "Roiz Michael (ISR)"]
[Result "1/2-1/2"]
[LiveChessVersion "1.4.8"]
[BlackElo "2611"]
[WhiteElo "2544"]

1. Nf3 {[%clk 0:15:13]} Nf6 {[%clk 0:15:12]} 2. c4 {[%clk 0:15:14]} e6
{[%clk 0:15:15]} 3. g3 {[%clk 0:14:43]} d5 {[%clk 0:15:16]} 4. Bg2
{[%clk 0:14:41]} dxc4 {[%clk 0:15:05]} 5. O-O {[%clk 0:13:44]} a6
{[%clk 0:14:45]} 6. Qc2 {[%clk 0:13:33]} Nbd7 {[%clk 0:14:24]} 7. Qxc4
{[%clk 0:13:30]} b5 {[%clk 0:14:23]} 8. Qc2 {[%clk 0:12:19]} Bb7 {[%clk 0:14:31]}
9. d3 {[%clk 0:12:10]} Bd6 {[%clk 0:12:46]} 10. a4 {[%clk 0:12:03]} O-O
{[%clk 0:12:50]} 11. Nc3 {[%clk 0:11:27]} c6 {[%clk 0:12:36]} 12. e4
{[%clk 0:08:24]} e5 {[%clk 0:11:13]} 13. d4 {[%clk 0:07:54]} c5 {[%clk 0:08:29]}
14. dxe5 {[%clk 0:07:06]} Nxe5 {[%clk 0:08:38]} 15. Rd1 {[%clk 0:06:04]} Qb6
{[%clk 0:07:50]} 16. axb5 {[%clk 0:04:46]} axb5 {[%clk 0:07:59]} 17. Rxa8
{[%clk 0:04:53]} Bxa8 {[%clk 0:07:23]} 18. Nh4 {[%clk 0:04:48]} c4
{[%clk 0:06:20]} 19. Bf4 {[%clk 0:01:38]} Nd3 {[%clk 0:03:41]} 20. Bxd6
{[%clk 0:01:19]} Qxd6 {[%clk 0:03:50]} 21. Nxb5 {[%clk 0:01:20]} Qb4
{[%clk 0:02:17]} 22. Nc3 {[%clk 0:01:26]} g6 {[%clk 0:01:32]} 23. e5
{[%clk 0:00:55]} Nxe5 {[%clk 0:01:22]} 24. Bxa8 {[%clk 0:01:03]} Rxa8
{[%clk 0:01:31]} 25. Ne4 {[%clk 0:01:05]} Ra6 {[%clk 0:01:03]} 26. Qc3
{[%clk 0:00:23]} Qxc3 {[%clk 0:00:58]} 27. Nxf6+ {[%clk 0:00:29]} Rxf6
{[%clk 0:01:07]} 28. bxc3 {[%clk 0:00:38]} Nd3 {[%clk 0:01:09]} 29. Rd2
{[%clk 0:00:32]} Rb6 {[%clk 0:00:34]} 30. Nf3 {[%clk 0:00:19]} Rb1+
{[%clk 0:00:41]} 31. Kg2 {[%clk 0:00:28]} Rc1 {[%clk 0:00:49]} 32. Nd4
{[%clk 0:00:15]} Rxc3 {[%clk 0:00:56]} 33. Nb5 {[%clk 0:00:23]} Rc1
{[%clk 0:00:47]} 34. Kf3 {[%clk 0:00:21]} Rb1 {[%clk 0:00:21]} 35. Nd4
{[%clk 0:00:14]} Re1 {[%clk 0:00:17]} 36. Rc2 {[%clk 0:00:12]} Ne5+
{[%clk 0:00:22]} 37. Kg2 {[%clk 0:00:15]} Re4 {[%clk 0:00:31]} 38. Nb5
{[%clk 0:00:22]} g5 {[%clk 0:00:19]} 39. Nd6 {[%clk 0:00:16]} Rd4
{[%clk 0:00:26]} 40. Nf5 {[%clk 0:00:24]} Rd3 {[%clk 0:00:21]} 41. f4
{[%clk 0:00:28]} gxf4 {[%clk 0:00:28]} 42. gxf4 {[%clk 0:00:37]} Ng4
{[%clk 0:00:26]} 1/2-1/2

[Event "Rapid 2018"]
[Site "Saint-Petersburg"]
[Date "2018.12.27"]
[Round "10"]
[Board "55"]
[White "Gutenev Alexander (RUS)"]
[Black "Demidov Mikhail (RUS)"]
[Result "0-1"]
[LiveChessVersion "1.4.8"]
[BlackElo "2595"]
[WhiteElo "2490"]

1. e4 {[%clk 0:12:21]} Nf6 {[%clk 0:15:19]} 2. e5 {[%clk 0:12:29]} Nd5
{[%clk 0:15:27]} 3. d4 {[%clk 0:12:38]} d6 {[%clk 0:15:36]} 4. c4
{[%clk 0:12:47]} Nb6 {[%clk 0:15:45]} 5. exd6 {[%clk 0:12:56]} exd6
{[%clk 0:15:53]} 6. Nc3 {[%clk 0:13:01]} Be7 {[%clk 0:16:02]} 7. Bd3
{[%clk 0:13:05]} O-O {[%clk 0:16:07]} 8. Nge2 {[%clk 0:13:14]} Bg5
{[%clk 0:16:10]} 9. O-O {[%clk 0:13:09]} Bxc1 {[%clk 0:16:18]} 10. Rxc1
{[%clk 0:13:15]} Nc6 {[%clk 0:16:25]} 11. b3 {[%clk 0:12:20]} Bg4
{[%clk 0:16:23]} 12. f3 {[%clk 0:12:20]} Bh5 {[%clk 0:16:19]} 13. Nf4
{[%clk 0:12:19]} Bg6 {[%clk 0:16:25]} 14. Nxg6 {[%clk 0:11:47]} hxg6
{[%clk 0:16:33]} 15. Be4 {[%clk 0:11:53]} Qd7 {[%clk 0:15:05]} 16. c5
{[%clk 0:10:03]} Nc8 {[%clk 0:11:43]} 17. d5 {[%clk 0:09:17]} N6e7
{[%clk 0:11:38]} 18. c6 {[%clk 0:09:09]} bxc6 {[%clk 0:11:46]} 19. dxc6
{[%clk 0:09:18]} Qd8 {[%clk 0:11:56]} 20. a4 {[%clk 0:08:02]} a5 {[%clk 0:10:44]}
21. Nb5 {[%clk 0:06:01]} Na7 {[%clk 0:09:08]} 22. Nd4 {[%clk 0:06:00]} Rb8
{[%clk 0:08:52]} 23. Qd2 {[%clk 0:03:33]} Rb4 {[%clk 0:08:50]} 24. Rfd1
{[%clk 0:03:38]} d5 {[%clk 0:06:47]} 25. Nc2 {[%clk 0:01:08]} Rxb3
{[%clk 0:05:04]} 26. Qxa5 {[%clk 0:01:16]} Naxc6 {[%clk 0:04:13]} 27. Qc5
{[%clk 0:01:24]} Qd6 {[%clk 0:01:00]} 28. Qxd6 {[%clk 0:01:29]} cxd6
{[%clk 0:01:09]} 29. Bxd5 {[%clk 0:01:28]} Nxd5 {[%clk 0:01:17]} 30. Rxd5
{[%clk 0:01:38]} Rc3 {[%clk 0:01:27]} 31. Rdd1 {[%clk 0:01:46]} Ra8
{[%clk 0:01:32]} 32. Ne1 {[%clk 0:01:27]} Rxc1 {[%clk 0:01:35]} 33. Rxc1
{[%clk 0:01:36]} Nd4 {[%clk 0:01:43]} 34. Rc4 {[%clk 0:01:28]} Ne6
{[%clk 0:01:31]} 35. Nd3 {[%clk 0:01:16]} Kf8 {[%clk 0:01:30]} 36. Kf2
{[%clk 0:01:21]} Ke7 {[%clk 0:01:37]} 37. h4 {[%clk 0:00:44]} Kd7
{[%clk 0:01:32]} 38. Ke3 {[%clk 0:00:25]} Ra5 {[%clk 0:01:29]} 39. Rb4
{[%clk 0:00:17]} Kc6 {[%clk 0:01:34]} 40. Rc4+ {[%clk 0:00:26]} Kd7
{[%clk 0:01:03]} 41. Rb4 {[%clk 0:00:35]} Ra7 {[%clk 0:01:13]} 42. g3
{[%clk 0:00:34]} Kc6 {[%clk 0:00:58]} 43. Kd2 {[%clk 0:00:36]} Nc7
{[%clk 0:00:45]} 44. Rc4+ {[%clk 0:00:38]} Kd7 {[%clk 0:00:54]} 45. Rf4
{[%clk 0:00:43]} Ke7 {[%clk 0:00:51]} 46. Re4+ {[%clk 0:00:50]} Kd7
{[%clk 0:00:57]} 47. Rf4 {[%clk 0:00:59]} Ke7 {[%clk 0:00:39]} 48. Re4+
{[%clk 0:01:08]} Kf8 {[%clk 0:00:48]} 49. Rd4 {[%clk 0:01:05]} Ne6
{[%clk 0:00:37]} 50. Rxd6 {[%clk 0:00:45]} Rxa4 {[%clk 0:00:45]} 51. Rd7
{[%clk 0:00:37]} Ra2+ {[%clk 0:00:18]} 52. Ke3 {[%clk 0:00:44]} Ra3
{[%clk 0:00:26]} 53. Rd5 {[%clk 0:00:26]} Ke7 {[%clk 0:00:20]} 54. Rb5
{[%clk 0:00:32]} f6 {[%clk 0:00:17]} 55. Kd2 {[%clk 0:00:27]} Nd4
{[%clk 0:00:22]} 56. Rb7+ {[%clk 0:00:35]} Kf8 {[%clk 0:00:29]} 57. Ne1
{[%clk 0:00:14]} Nxf3+ {[%clk 0:00:33]} 58. Nxf3 {[%clk 0:00:21]} Rxf3
{[%clk 0:00:42]} 0-1

[Event "Rapid 2018"]
[Site "Saint-Petersburg"]
[Date "2018.12.27"]
[Round "10"]
[Board "56"]
[White "Vishnu Prasanna. V (IND)"]
[Black "Tsydypov Zhamsaran (RUS)"]
[Result "1-0"]
[LiveChessVersion "1.4.8"]
[BlackElo "2595"]
[WhiteElo "2489"]

1. e4 {[%clk 0:15:17]} c5 {[%clk 0:15:17]} 2. Nf3 {[%clk 0:15:26]} d6
{[%clk 0:15:25]} 3. d4 {[%clk 0:15:31]} cxd4 {[%clk 0:15:33]} 4. Nxd4
{[%clk 0:15:39]} Nf6 {[%clk 0:15:41]} 5. Nc3 {[%clk 0:15:47]} a6 {[%clk 0:15:49]}
6. Be3 {[%clk 0:15:54]} e6 {[%clk 0:15:54]} 7. Be2 {[%clk 0:15:45]} Be7
{[%clk 0:15:54]} 8. f4 {[%clk 0:15:29]} Qc7 {[%clk 0:15:57]} 9. g4
{[%clk 0:14:35]} Nfd7 {[%clk 0:15:59]} 10. g5 {[%clk 0:14:23]} Nc6
{[%clk 0:16:06]} 11. Qd2 {[%clk 0:14:01]} b5 {[%clk 0:16:11]} 12. a3
{[%clk 0:13:02]} Bb7 {[%clk 0:16:16]} 13. f5 {[%clk 0:11:34]} Nc5
{[%clk 0:16:07]} 14. fxe6 {[%clk 0:10:41]} fxe6 {[%clk 0:16:01]} 15. O-O
{[%clk 0:10:18]} O-O-O {[%clk 0:13:04]} 16. b4 {[%clk 0:07:13]} Nxd4
{[%clk 0:13:06]} 17. Bxd4 {[%clk 0:07:19]} Nxe4 {[%clk 0:12:59]} 18. Nxe4
{[%clk 0:07:27]} Bxe4 {[%clk 0:13:07]} 19. c4 {[%clk 0:07:24]} Qb7
{[%clk 0:12:39]} 20. cxb5 {[%clk 0:07:10]} axb5 {[%clk 0:12:48]} 21. a4
{[%clk 0:05:55]} e5 {[%clk 0:12:20]} 22. Be3 {[%clk 0:05:17]} d5 {[%clk 0:12:17]}
23. axb5 {[%clk 0:03:09]} d4 {[%clk 0:12:22]} 24. b6 {[%clk 0:01:50]} Qxb6
{[%clk 0:12:08]} 25. Rfc1+ {[%clk 0:01:04]} Kd7 {[%clk 0:10:49]} 26. Ra6
{[%clk 0:00:57]} Qb7 {[%clk 0:10:51]} 27. Qa2 {[%clk 0:00:55]} Ke8
{[%clk 0:10:48]} 28. Ra7 {[%clk 0:00:40]} Qb8 {[%clk 0:02:45]} 29. Rcc7
{[%clk 0:00:27]} Qxb4 {[%clk 0:02:03]} 30. Bd2 {[%clk 0:00:30]} Qd6
{[%clk 0:01:41]} 31. Rxe7+ {[%clk 0:00:38]} Qxe7 {[%clk 0:01:49]} 32. Rxe7+
{[%clk 0:00:45]} Kxe7 {[%clk 0:01:58]} 33. Bb4+ {[%clk 0:00:53]} Kd7
{[%clk 0:02:06]} 34. Bb5+ {[%clk 0:00:57]} Kc8 {[%clk 0:01:53]} 35. Qe6+
{[%clk 0:01:04]} Kb7 {[%clk 0:01:58]} 36. Qe7+ {[%clk 0:01:07]} Kb6
{[%clk 0:02:05]} 37. Qc5+ {[%clk 0:01:10]} Kb7 {[%clk 0:02:13]} 38. Ba5
{[%clk 0:01:10]} Rc8 {[%clk 0:02:12]} 39. Ba6+ {[%clk 0:01:17]} Ka8
{[%clk 0:02:17]} 40. Bxc8 {[%clk 0:01:24]} Rxc8 1-0

[Event "Rapid 2018"]
[Site "Saint-Petersburg"]
[Date "2018.12.27"]
[Round "10"]
[Board "57"]
[White "Sanal Vahap (TUR)"]
[Black "Bindrich Falko (GER)"]
[Result "1/2-1/2"]
[LiveChessVersion "1.4.8"]
[BlackElo "2584"]
[WhiteElo "2476"]

1. e4 {[%clk 0:15:12]} e5 {[%clk 0:15:18]} 2. Nf3 {[%clk 0:15:18]} Nf6
{[%clk 0:15:27]} 3. Nxe5 {[%clk 0:14:45]} d6 {[%clk 0:15:35]} 4. Nf3
{[%clk 0:14:53]} Nxe4 {[%clk 0:15:43]} 5. Nc3 {[%clk 0:14:26]} Nxc3
{[%clk 0:15:51]} 6. dxc3 {[%clk 0:14:34]} Be7 {[%clk 0:16:00]} 7. Be3
{[%clk 0:14:42]} O-O {[%clk 0:16:06]} 8. Qd2 {[%clk 0:14:48]} Nd7
{[%clk 0:16:14]} 9. O-O-O {[%clk 0:14:54]} Nf6 {[%clk 0:16:23]} 10. Bd3
{[%clk 0:15:02]} c5 {[%clk 0:16:31]} 11. Rhe1 {[%clk 0:15:10]} Qa5
{[%clk 0:16:36]} 12. Kb1 {[%clk 0:15:17]} Be6 {[%clk 0:16:40]} 13. c4
{[%clk 0:15:20]} Qxd2 {[%clk 0:16:48]} 14. Bxd2 {[%clk 0:15:19]} Rfe8
{[%clk 0:16:33]} 15. h3 {[%clk 0:14:15]} h6 {[%clk 0:16:18]} 16. Nh4
{[%clk 0:12:27]} Ng4 {[%clk 0:15:39]} 17. hxg4 {[%clk 0:12:17]} Bxh4
{[%clk 0:15:47]} 18. g3 {[%clk 0:12:19]} Bf6 {[%clk 0:15:41]} 19. Be2
{[%clk 0:10:55]} Bd4 {[%clk 0:14:38]} 20. Rf1 {[%clk 0:09:39]} Bd5
{[%clk 0:11:33]} 21. Be3 {[%clk 0:09:11]} Bg2 {[%clk 0:10:53]} 22. Rg1
{[%clk 0:09:07]} Bc6 {[%clk 0:10:53]} 23. Bxd4 {[%clk 0:08:41]} cxd4
{[%clk 0:10:20]} 24. Rd2 {[%clk 0:07:45]} Re5 {[%clk 0:08:43]} 25. b3
{[%clk 0:07:41]} Rae8 {[%clk 0:07:56]} 26. Bd1 {[%clk 0:07:48]} Re1
{[%clk 0:07:46]} 27. Rxe1 {[%clk 0:07:53]} Rxe1 {[%clk 0:07:55]} 28. Kb2
{[%clk 0:08:00]} Rf1 {[%clk 0:07:56]} 29. b4 {[%clk 0:07:10]} Kf8
{[%clk 0:07:09]} 30. f4 {[%clk 0:05:26]} Bf3 {[%clk 0:05:20]} 31. Bxf3
{[%clk 0:05:32]} Rxf3 {[%clk 0:05:29]} 32. Rd3 {[%clk 0:02:56]} Rxd3
{[%clk 0:04:12]} 33. cxd3 {[%clk 0:03:04]} b6 {[%clk 0:04:16]} 34. Kb3
{[%clk 0:03:01]} Ke7 {[%clk 0:04:23]} 35. a4 {[%clk 0:03:00]} Kd7
{[%clk 0:03:58]} 36. a5 {[%clk 0:01:29]} g5 {[%clk 0:01:38]} 37. fxg5
{[%clk 0:01:04]} hxg5 {[%clk 0:01:46]} 38. axb6 {[%clk 0:00:49]} axb6
{[%clk 0:01:55]} 39. Ka4 {[%clk 0:00:25]} Kc6 {[%clk 0:01:57]} 40. Ka3
{[%clk 0:00:34]} Kd7 {[%clk 0:01:35]} 41. Kb3 {[%clk 0:00:43]} Kc7
{[%clk 0:01:31]} 42. Kc2 {[%clk 0:00:41]} Kc6 {[%clk 0:01:36]} 43. Kd2
{[%clk 0:00:36]} Kd7 {[%clk 0:01:07]} 44. Kc2 {[%clk 0:00:41]} Kc6
{[%clk 0:01:14]} 45. Kb2 {[%clk 0:00:43]} Kd7 {[%clk 0:01:16]} 46. Ka2
{[%clk 0:00:51]} Kc6 {[%clk 0:01:15]} 47. Ka3 {[%clk 0:00:59]} Kc7
{[%clk 0:01:23]} 48. Kb3 {[%clk 0:01:08]} Kd7 {[%clk 0:01:29]} 49. Kc2
{[%clk 0:01:00]} Kc6 {[%clk 0:01:38]} 50. Kd2 {[%clk 0:01:09]} Kd7
{[%clk 0:01:47]} 51. Ke2 {[%clk 0:01:02]} Ke6 {[%clk 0:01:48]} 52. Kd2
{[%clk 0:00:51]} Kd7 {[%clk 0:01:57]} 53. Kc2 {[%clk 0:00:59]} 1/2-1/2

[Event "Rapid 2018"]
[Site "Saint-Petersburg"]
[Date "2018.12.27"]
[Round "10"]
[Board "58"]
[White "Kobo Ori (ISR)"]
[Black "Moiseenko Vadim (RUS)"]
[Result "0-1"]
[LiveChessVersion "1.4.8"]
[BlackElo "2583"]
[WhiteElo "2442"]

1. Nf3 {[%clk 0:15:17]} Nf6 {[%clk 0:15:06]} 2. c4 {[%clk 0:15:21]} b6
{[%clk 0:15:12]} 3. g3 {[%clk 0:15:26]} Bb7 {[%clk 0:15:20]} 4. Bg2
{[%clk 0:15:29]} g6 {[%clk 0:15:18]} 5. d4 {[%clk 0:15:08]} Bg7 {[%clk 0:15:19]}
6. O-O {[%clk 0:14:43]} O-O {[%clk 0:15:27]} 7. d5 {[%clk 0:14:37]} Ne4
{[%clk 0:15:35]} 8. Qc2 {[%clk 0:14:43]} f5 {[%clk 0:15:43]} 9. Ng5
{[%clk 0:14:28]} Nxg5 {[%clk 0:15:13]} 10. Bxg5 {[%clk 0:14:35]} Na6
{[%clk 0:15:18]} 11. Nc3 {[%clk 0:14:15]} Qe8 {[%clk 0:13:09]} 12. Bxe7
{[%clk 0:13:14]} Rf7 {[%clk 0:12:59]} 13. Bg5 {[%clk 0:13:01]} d6
{[%clk 0:12:27]} 14. Rae1 {[%clk 0:12:32]} Be5 {[%clk 0:09:53]} 15. Bd2
{[%clk 0:11:02]} f4 {[%clk 0:08:50]} 16. Bh3 {[%clk 0:10:25]} Bc8
{[%clk 0:08:53]} 17. Bxc8 {[%clk 0:10:33]} Qxc8 {[%clk 0:08:51]} 18. Kg2
{[%clk 0:09:28]} Qd7 {[%clk 0:06:16]} 19. Ne4 {[%clk 0:09:05]} Nc5
{[%clk 0:06:04]} 20. b4 {[%clk 0:06:21]} Nxe4 {[%clk 0:06:08]} 21. Qxe4
{[%clk 0:06:30]} Raf8 {[%clk 0:05:07]} 22. f3 {[%clk 0:06:31]} Qa4
{[%clk 0:05:06]} 23. Qb1 {[%clk 0:06:07]} a5 {[%clk 0:04:39]} 24. Qb3
{[%clk 0:04:17]} Qxb3 {[%clk 0:04:47]} 25. axb3 {[%clk 0:04:26]} axb4
{[%clk 0:04:56]} 26. Bxb4 {[%clk 0:03:46]} g5 {[%clk 0:05:04]} 27. e3
{[%clk 0:03:25]} Ra8 {[%clk 0:04:43]} 28. exf4 {[%clk 0:03:01]} gxf4
{[%clk 0:04:47]} 29. g4 {[%clk 0:02:50]} b5 {[%clk 0:04:14]} 30. cxb5
{[%clk 0:01:49]} Rb8 {[%clk 0:04:14]} 31. Re4 {[%clk 0:01:42]} Rxb5
{[%clk 0:04:22]} 32. Rc1 {[%clk 0:01:50]} Rxd5 {[%clk 0:04:22]} 33. Be1
{[%clk 0:01:12]} h5 {[%clk 0:03:29]} 34. gxh5 {[%clk 0:00:56]} Rd3
{[%clk 0:03:24]} 35. h6 {[%clk 0:00:29]} Rxb3 {[%clk 0:03:24]} 36. Bh4
{[%clk 0:00:25]} Kh7 {[%clk 0:03:22]} 37. Bg5 {[%clk 0:00:32]} Rb2+
{[%clk 0:03:22]} 38. Kh1 {[%clk 0:00:22]} Rf2 {[%clk 0:03:20]} 39. Rb1
{[%clk 0:00:14]} Rxf3 {[%clk 0:03:19]} 40. Rb7 {[%clk 0:00:19]} Rc3
{[%clk 0:02:56]} 0-1